2025-2026 Auburn Basketball Roster - Statistics

General Stats
  • This quiz has been taken 29 times
  • The average score is 12 of 18
Answer Stats
Hint Answer % Correct
#0 Tahaad Pettiford
100%
#38 Filip Jović
93%
#7 Keyshawn Hall
93%
#3 KeShawn Murphy
86%
#1 Kevin Overton
79%
#17 Drake Cardwell
71%
#33 Sebastian Williams-Adams
71%
#2 Abdul Bashir
64%
#21 Blake Muschalek
64%
#6 Elyjah Freeman
64%
#10 Simon Walker
64%
#13 CJ Williams
57%
#5 Kaden Magwood
57%
#14 Emeka Opurum
43%
#24 Bradley Pearson
36%
#20 Jeremiah Bowman
36%
#12 Joah Shay
36%
#22 Reed Trapp
36%
No matching quizzes found
Score Distribution
Percent of People with Each Score
Percentile by Number Answered
Your Score History
You have not taken this quiz